00338nam a2200121Ia 4500008004000000020001800040082001500058100001700073245004300090260003300133300001200166650003800178210210b1990 xxu||||| |||| 00| 0 eng d a81 7096 412 1 a338.9 LEKE aLEKHI (R K). aEconomics of development and planning. aNDbKalyani Publishersc1990 axxi,283 aEconomic development and planning